000
00346cam a2200145ua 4500
041
_a
eng
_h
082
_a
669
_b
GRE/ME
100
_a
Gregory, Edwin .
245
_a
Metallurgy /
_c
Edwin Gregory.
_h
Textual Documents
260
_a
London :
_b
Blackie & Son Ltd ,
_c
1961.
300
_a
284 ; .
504
_a
942
_c
BK
999
_c
10419
_d
10419